5 to 1: Fruits and Vegetables Quiz Stats

 Plays Quiz Updated May 1, 2018

Challenge
Share
Tweet
Embed
Score 0/15 Timer 03:00
3 Plays Today
% Correct
Peach
95.8%
Apricot
94.6%
Turnip
94.1%
Cherry
93.9%
Basil
93.8%
Plum
93.8%
Pumpkin
93.4%
Radish
91.6%
% Correct
Coriander
88.6%
Zucchini
87.8%
Parsnip
86.8%
Nectarine
86.5%
Jackfruit
79.8%
Rutabaga
76.7%
Kabocha
69.9%

You're not logged in!

Compare scores with friends on all Sporcle quizzes.
Join for Free
OR
Log In

You Might Also Like...

Show Comments

Extras

Top Quizzes Today


Score Distribution

Your Account Isn't Verified!

In order to create a playlist on Sporcle, you need to verify the email address you used during registration. Go to your Sporcle Settings to finish the process.

Report this User

Report this user for behavior that violates our Community Guidelines.

Details: